Digital libraries, learning and higher education (Record no. 1235815)

MARC details
000 -LEADER
fixed length control field 00729nam a2200229Ia 4500
005 - DATE AND TIME OF LATEST TRANSACTION
control field 20250108125131.0
008 - FIXED-LENGTH DATA ELEMENTS--GENERAL INFORMATION
fixed length control field 008 250107s9999 xx 000 0 eng d
020 ## - INTERNATIONAL STANDARD BOOK NUMBER
International Standard Book Number 978-93-81506-18-9
037 ## - SOURCE OF ACQUISITION
Stock number TB
040 ## - CATALOGING SOURCE
Original cataloging agency CRL
Language of cataloging eng
Transcribing agency CRL
041 ## - LANGUAGE CODE
Language code of text/sound track or separate title eng
Source of code eng
084 ## - COLON CLASSIFICATION NUMBER
Classification number O15jN39 111R3
084 ## - COLON CLASSIFICATION NUMBER
Assigning agency CRL
100 ## - MAIN ENTRY--PERSONAL NAME
Personal name Rajesh Singh Ed.; Kanaujia Sukula Shiva Ed.
9 (RLIN) 730454
245 #0 - TITLE STATEMENT
Title Digital libraries, learning and higher education
Statement of responsibility, etc. Rajesh Singh Ed.; Kanaujia Sukula Shiva Ed.
260 ## - PUBLICATION, DISTRIBUTION, ETC.
Place of publication, distribution, etc. Agra, India
Name of publisher, distributor, etc. Associated Publishing House
Date of publication, distribution, etc. 3427
300 ## - PHYSICAL DESCRIPTION
Extent 205p.
365 ## - TRADE PRICE
Price type code INR
Price amount 1500
650 ## - SUBJECT ADDED ENTRY--TOPICAL TERM
Topical term or geographic name entry element DIGITAL LIBRARIESLIBRARY SCIENCE
9 (RLIN) 730455
942 ## - ADDED ENTRY ELEMENTS (KOHA)
Koha item type Textbook
Classification part O15jN39 111R3
Holdings
Withdrawn status Lost status Damaged status Not for loan Home library Current library Date acquired Source of acquisition Cost, normal purchase price Total Checkouts Full call number Barcode Date last seen Price effective from Koha item type
        Central Library Central Library 2025-01-08 Gift, 09/08/2024, 1500.00   2:(D65,8(B)) R4 CL1699439 2025-01-08 2025-01-08 Textbook
Copyright @ Delhi University Library System